|
|
|
|
| LEADER |
01688nam a2200421 a 4500 |
| 001 |
000623840 |
| 003 |
CZ BrMZK |
| 005 |
20040730102335.0 |
| 007 |
ta |
| 008 |
020919s2002 xr f cze d |
| 015 |
|
|
|a cnb001122303
|
| 020 |
|
|
|a 80-238-8559-6
|
| 035 |
|
|
|a (OCoLC)51189210
|
| 040 |
|
|
|a BOA001
|b cze
|
| 041 |
1 |
|
|a cze
|h rus
|
| 045 |
|
|
|a x1x3
|
| 080 |
|
|
|a 821.161.1-051
|2 MRF
|
| 080 |
|
|
|a 821.161.1-31
|2 MRF
|
| 080 |
|
|
|a 929
|2 MRF
|
| 100 |
1 |
|
|a Karabčijevskij, Jurij Arkad'jevič,
|d 1938-1992
|7 jo20010084906
|4 aut
|
| 245 |
1 |
0 |
|a Vzkříšení Majakovského :
|b filologický román /
|c Jurij Karabčijevskij ; [z ruského originálu přeložila Teresie Cvachová ; český doslov Zdeněk Mathauser ; ruský doslov Alexej Purin]
|
| 250 |
|
|
|a Vyd. 1.
|
| 260 |
|
|
|a Praha :
|b Art slovo,
|c 2002
|
| 300 |
|
|
|a 193 s. :
|b 21 cm
|
| 500 |
|
|
|a Text částečně rusky
|
| 504 |
|
|
|a Obsahuje bibliografické odkazy
|
| 600 |
1 |
7 |
|a Majakovskij, Vladimir Vladimirovič,
|d 1893-1930
|7 jn19990210398
|2 czenas
|
| 650 |
0 |
7 |
|a ruští spisovatelé
|7 ph125356
|2 czenas
|
| 655 |
|
7 |
|a biografické romány
|7 fd131905
|2 czenas
|
| 655 |
|
7 |
|a ruské romány
|7 fd133320
|2 czenas
|
| 765 |
0 |
|
|t Voskresenije Majakovskogo
|9 Česky
|
| 700 |
1 |
|
|a Purin, Aleksej Arnol'dovič,
|d 1955-
|7 jo20010083052
|4 wfw
|
| 700 |
1 |
|
|a Cvachová, Teresie
|7 xx0018315
|4 trl
|
| 700 |
1 |
|
|a Mathauser, Zdeněk,
|d 1920-2007
|7 jk01080711
|4 wfw
|
| 856 |
4 |
1 |
|u http://www.digitalniknihovna.cz/mzk/uuid/uuid:420e5650-900c-11e3-997d-005056827e52
|y Digitalizovaný dokument
|x NDK
|
| 910 |
|
|
|a BOA001
|b 2-1106.975
|
| 990 |
|
|
|a BK
|
| 996 |
6 |
|
|b 2610169940
|c 2-1106.975
|l MZK
|r Sklad / do 1 hodiny
|n 3
|p p.v.
|w 000623840
|u 000010
|a 1
|e BOA001
|j MZK50
|s P
|